000 00291nam a22001337a 4500
008 170505b xxu||||| |||| 00| 0 eng d
020 _a9780132946049
041 _aeng
080 _a343.9
100 _a15
101 _aSHJ
245 _aVISIONS FOR CHANGE
_cMURASKIN, R
942 _2udc
_cBK
999 _c12741
_d12741